| 000 | 01453nam a2200241Ia 4500 | ||
|---|---|---|---|
| 999 |
_c39302 _d39302 |
||
| 001 | 5888 | ||
| 003 | GE_BSU | ||
| 005 | 20191029112719.0 | ||
| 008 | 181216s2012||||ge |||||||||||||| ||geo|| | ||
| 040 | _cGE_BSU | ||
| 041 | _ageo | ||
| 080 | _a93/94(063)(479.223) ბ-17 | ||
| 245 |
_aბათუმი. წარსული და თანამედროვეობა : _bII საერთაშორისო სამეცნიერო კონფერენცია ბათუმი წარსული და თანამედროვეობა = II International scientific conference Batumi The past and modernity, ოქტომბერი 30-31, / |
||
| 264 |
_aბათუმი _bშითა რუსთაველის სახ. უნ–ტი _c2012 |
||
| 300 |
_a433 გვ.; _b27 სმ. |
||
| 500 | _aპროგრამა ქართ. და ინგლ. ენ. | ||
| 501 | _aზესათ.: ნიკო ბერძენიშვილის ინ-ტის ისტორიის განყ-ბა | ||
| 653 | _aისტორია | ||
| 653 | _aისტორიკოსთა საერთაშორისო კონფერენციები; | ||
| 653 | _a ბათუმის ისტორია; | ||
| 710 |
_a ნიკო ბერძენიშვილის ინ-ტის ისტორიის განყ-ბა; _95053 |
||
| 942 |
_cBK _2udc |
||